| 000 | 00584nam a2200241Ia 4500 | ||
|---|---|---|---|
| 003 | GCL | ||
| 008 | 140319s9999 xx 000 0 eng d | ||
| 040 |
_aGCL / _cGCL |
||
| 082 | 0 | 4 |
_a581.03 _bS T |
| 100 | 1 | _aJAIN, D.K | |
| 245 | 1 | 0 |
_aA TEXT BOOK OF BOTANY / _cJAIN, D.K |
| 700 | 1 | _aSINGH, V. | |
| 700 | 1 | _aPANDEY, P.C. | |
| 260 |
_a[S.N] : _bRASTOGI AND COMPANY ، _c1994 |
||
| 300 |
_a135 P ؛ _c21 cm. |
||
| 650 | 0 | 4 | _aALGAE |
| 650 | 0 | 4 | _aBACTERIA |
| 650 | 0 | 4 | _aBOTANY |
| 650 | 0 | 4 | _aVIRUSES |
| 650 | 0 | 4 | _aMICROBIOLOGY |
| 650 | 0 | 4 | _aPLANT - PATHOLOGY |
| 942 |
_2ddc _cBK |
||
| 999 |
_c20594 _d20594 |
||